| 000 | 00362nam a2200157Ia 4500 | ||
|---|---|---|---|
| 008 | 210210b1946 xxu||||| |||| 00| 0 eng d | ||
| 041 | _aeng | ||
| 082 | _a825/675 | ||
| 100 | _aPRITCHETT (V S) | ||
| 245 | _aLiving novel | ||
| 260 |
_aLondon _bChatto & Windus _c1946 |
||
| 650 | _anovel | ||
| 650 | _aLiving | ||
| 690 | _aEnglish Criticism | ||
| 906 | _a014991 | ||
| 999 |
_c134221 _d134221 |
||